Music Quiz

Random Music or Song Quiz

KISS Studio Album Songs Quiz Stats

 Plays Quiz Updated Feb 18, 2020

Support Sporcle.
Go Orange.
Score 0/211 Timer 20:00
4 Plays Today
Album % Correct
Love GunLove Gun
86.3%
Dressed To KillRock And Roll All Nite
85.6%
DestroyerDetroit Rock City
84.8%
Music From 'The Elder'I
84.4%
Hotter Than HellHotter Than Hell
83.7%
DestroyerBeth
83.7%
Lick It UpLick It Up
82.4%
KISSStrutter
81.5%
DynastyI Was Made For Lovin' You
77.3%
KISSDeuce
76.1%
Crazy NightsCrazy Crazy Nights
75.1%
KISSBlack Diamond
75%
DestroyerGod Of Thunder
73.3%
KISSCold Gin
72.7%
Creatures Of The NightCreatures Of The Night
72.7%
KISSFirehouse
69.8%
DestroyerShout It Out Loud
69.4%
Psycho CircusPsycho Circus
68.2%
Dressed To KillShe
68.2%
KISS100,000 Years
67.4%
AnimalizeHeaven's On Fire
67%
Creatures Of The NightI Love It Loud
66.6%
Rock And Roll OverCalling Dr. Love
66.5%
Love GunShock Me
65.8%
DestroyerKing Of The Night Time World
65.6%
Hotter Than HellParasite
65.4%
Rock And Roll OverHard Luck Woman
64.8%
UnmaskedShandi
64.8%
Love GunChristine Sixteen
63.7%
Dynasty2,000 Man
63.4%
DestroyerDo You Love Me?
63.2%
KISSLove Theme From KISS
62.2%
Hot In The ShadeForever
61.8%
KISSNothin' To Lose
61.4%
Love GunI Stole Your Love
61.2%
Creatures Of The NightWar Machine
60.8%
DestroyerGreat Expectations
60.6%
DestroyerFlaming Youth
60.5%
Rock And Roll OverI Want You
59.7%
Hotter Than HellGot To Choose
59.7%
DynastySure Know Something
59.6%
Hotter Than HellLet Me Go, Rock 'N Roll
59.5%
KISSKissin' Time
59.3%
Love GunPlaster Caster
59.1%
AsylumTears Are Falling
58.1%
RevengeGod Gave Rock 'N Roll To You II
57.8%
RevengeUnholy
57.6%
Dressed To KillC'mon And Love Me
57.4%
Rock And Roll OverLadies Room
57.2%
Dressed To KillRoom Service
57%
Hotter Than HellGoin' Blind
56.9%
Creatures Of The NightI Still Love You
56.6%
RevengeDomino
56%
Dressed To KillRock Bottom
55.9%
Love GunThen She Kissed Me
55.8%
DynastyCharisma
55.4%
DestroyerSweet Pain
55.2%
Rock And Roll OverMakin' Love
55%
UnmaskedTomorrow
54.7%
Love GunHooligan
54.7%
Music From 'The Elder'A World Without Heroes
53.9%
Rock And Roll OverMr. Speed
53.5%
Hotter Than HellComin' Home
53.3%
Hotter Than HellMainline
53%
Dressed To KillTwo Timer
52.5%
Hotter Than HellStrange Ways
52.3%
Rock And Roll OverTake Me
52.1%
DynastyX-Ray Eyes
52.1%
Sonic BoomModern Day Delilah
52%
KISSLet Me Know
52%
Love GunTomorrow And Tonight
51.7%
Album % Correct
Music From 'The Elder'The Oath
51.7%
AsylumUh! All Night
51.6%
DynastyDirty Livin'
51.2%
UnmaskedIs That You
51.1%
UnmaskedShe's So European
51%
Rock And Roll OverBaby Driver
50.9%
Lick It UpExciter
50.9%
Music From 'The Elder'Just A Boy
50.6%
Hotter Than HellWatchin' You
50.6%
UnmaskedTorpedo Girl
50.5%
Dressed To KillLadies In Waiting
50.3%
Creatures Of The NightDanger
50.2%
Hot In The ShadeHide Your Heart
50.2%
Lick It UpAll Hell's Breakin' Loose
50.1%
UnmaskedTwo Sides Of The Coin
49.7%
Love GunAlmost Human
49.1%
UnmaskedTalk To Me
48.9%
Rock And Roll OverLove 'Em And Leave 'Em
48.4%
Music From 'The Elder'Mr. Blackwell
48.2%
Hot In The ShadeRise To It
47.8%
Crazy NightsReason To Live
47.8%
Music From 'The Elder'Fanfare
47.7%
DynastyHard Times
47.6%
RevengeI Just Wanna
47.5%
Creatures Of The NightRock And Roll Hell
47.5%
DynastyMagic Touch
47.4%
Creatures Of The NightKiller
47.3%
Psycho CircusInto The Void
47.2%
RevengeCarr Jam 1981
47.2%
DynastySave Your Love
46.9%
AsylumKing Of The Mountain
46.9%
Dressed To KillGetaway
46.6%
Creatures Of The NightSaint And Sinner
46.5%
AnimalizeBurn Bitch Burn
46.5%
MonsterHell or Hallelujah
46.4%
Music From 'The Elder'Escape From The Island
46.4%
RevengeTake It Off
46.3%
Dressed To KillLove Her All I Can
46.1%
UnmaskedNaked City
46.1%
RevengeSpit
45.8%
Lick It UpAnd On The 8th Day
45.7%
Music From 'The Elder'Dark Light
45.5%
Crazy NightsNo, No, No
45.4%
Music From 'The Elder'Under The Rose
45.3%
Carnival Of SoulsHate
45.3%
AnimalizeThrills In The Night
45.2%
Dressed To KillAnything For My Baby
44.8%
Love GunGot Love For Sale
44.5%
Lick It UpFits Like A Glove
44.3%
Rock And Roll OverSee You In Your Dreams
43.8%
Music From 'The Elder'Odyssey
43.8%
Crazy NightsTurn On The Night
43.8%
Hotter Than HellAll The Way
43.5%
Carnival Of SoulsRain
43.3%
Hot In The ShadeLittle Caesar
43.2%
Sonic BoomSay Yeah
42.5%
AnimalizeI've Had Enough (Into The Fire)
42.4%
Lick It UpA Million To One
42.4%
Crazy NightsBang Bang You
42.4%
RevengeEvery Time I Look At You
42.4%
Creatures Of The NightKeep Me Comin'
42.1%
Psycho CircusWithin
41.7%
AnimalizeMurder In High Heels
41.6%
Crazy NightsThief In The Night
41.6%
Carnival Of SoulsJungle
41.4%
Psycho CircusYou Wanted The Best
41.1%
Lick It UpNot For The Innocent
41%
Psycho CircusRaise Your Glasses
40.7%
UnmaskedWhat Makes The World Go 'Round
40.7%
RevengeHeart Of Chrome
40.6%
Lick It UpYoung And Wasted
40.3%
Album % Correct
AsylumWho Wants To Be Lonely
39.9%
Hot In The ShadeBoomerang
39.7%
Hot In The ShadeSilver Spoon
39.6%
Lick It UpDance All Over Your Face
39.2%
MonsterFreak
39.1%
Crazy NightsI'll Fight Hell To Hold You
38.6%
Crazy NightsMy Way
38.5%
AnimalizeUnder The Gun
38.4%
Sonic BoomRussian Roulette
38.3%
Hot In The ShadeCadillac Dreams
38.2%
Psycho CircusJourney Of 1,000 Years
38.2%
Psycho CircusI Pledge Allegiance To The State Of Rock And Roll
38.1%
Psycho CircusWe Are One
37.8%
Crazy NightsHell Or High Water
37.8%
Music From 'The Elder'Only You
37.7%
UnmaskedEasy As It Seems
37.3%
UnmaskedYou're All That I Want
37.3%
Hot In The ShadeBetrayed
37.2%
Lick It UpGimme More
36.5%
RevengeParalyzed
36.3%
AsylumAny Way You Slice It
36.2%
Carnival Of SoulsChildhood's End
36.1%
Psycho CircusI Finally Found My Way
35.7%
MonsterWall of Sound
35.7%
AsylumRadar For Love
35%
Sonic BoomStand
34.7%
Hot In The ShadeThe Street Giveth And The Street Taketh Away
34.6%
Sonic BoomDanger Us
34.6%
Carnival Of SoulsI Walk Alone
34.5%
AnimalizeLonely Is The Hunter
34.2%
Psycho CircusDreamin'
34%
Carnival Of SoulsMaster And Slave
33.8%
Sonic BoomWhen Lightning Strikes
33.7%
RevengeThou Shalt Not
33.6%
Crazy NightsGood Girl Gone Bad
33.6%
Sonic BoomAll For The Glory
33.2%
Sonic BoomI'm An Animal
33.2%
MonsterAll for the Love of Rock & Roll
32.9%
RevengeTough Love
32.7%
AnimalizeWhile The City Sleeps
32.6%
Hot In The ShadeRead My Body
31.9%
AnimalizeGet All You Can Take
31.7%
Sonic BoomHot And Cold
31.6%
AsylumSecretly Cruel
31.6%
Hot In The ShadeKing Of Hearts
31.6%
Crazy NightsWhen Your Walls Come Down
31.4%
AsylumTrial By Fire
31.1%
AsylumI'm Alive
30.7%
Sonic BoomNever Enough
30.6%
MonsterBack to the Stone Age
30.6%
MonsterThe Devil Is Me
30%
MonsterTake Me Down Below
29.9%
Sonic BoomYes I Know (Nobody's Perfect)
29.8%
MonsterOutta This World
29.7%
Hot In The ShadeYou Love Me To Hate You
29.7%
Carnival Of SoulsI Will Be There
29.6%
Hot In The ShadeLove's A Slap In The Face
28.8%
Hot In The ShadeSomewhere Between Heaven And Hell
28.5%
AsylumLove's A Deadly Weapon
28.5%
MonsterLast Chance
28.5%
Carnival Of SoulsIn The Mirror
28.4%
Carnival Of SoulsSeduction Of The Innocent
28.1%
Carnival Of SoulsI Confess
26.7%
MonsterShout Mercy
26.3%
Hot In The ShadePrisoner Of Love
26.2%
MonsterLong Way Down
25.5%
Carnival Of SoulsIn My Head
25.3%
MonsterEat Your Heart Out
24.7%
Carnival Of SoulsIt Never Goes Away
22.9%

From the Vault

MLB: 100 Wins Ain't Enough?

by zachHu1

Sports 90s
Just goes to show, in baseball, it doesn't matter how many games you win, it matters how many more wins you have compared to your opponents.
Remove Ads.
Support Sporcle.
Get the best of Sporcle when you Go Orange. This ad-free experience offers more features, more stats, and more fun while also helping to support Sporcle. Thank you for becoming a member.

Show Comments

Extras

Top Quizzes Today


Score Distribution

Your Account Isn't Verified!

In order to create a playlist on Sporcle, you need to verify the email address you used during registration. Go to your Sporcle Settings to finish the process.

Report this User

Report this user for behavior that violates our Community Guidelines.

Details: